Z dobrého začiatku a mohutného finišu ani bod- v 4. kvalifikačnej skupine o postup na ME '98 hádzanárok: Slovensko-Rumunsko 24:26 (10:15)

Bibliographic Details
Main Author: Jurigová, Monika (Author)
Format: Article
Language:Slovak
Subjects:

MARC

LEADER 00000nab a2200000 a 4500
001 vtls000653290
003 SK-MaSNL
005 20260302185932.0
008 180206c1998 xo 0 slo
015 |a SNBRA1998/03-06888 
035 |a CLN000005483 
040 |a SNKBUCL  |b slo  |c SNKBUCL  |e AACR2 
041 0 |a slo 
044 |a xo  |c SK 
080 |a 796.322.093.1  |2 UDC-MRF-SK2 
100 1 |a Jurigová, Monika  |4 aut  |9 767026 
245 1 0 |a Z dobrého začiatku a mohutného finišu ani bod-  |b v 4. kvalifikačnej skupine o postup na ME '98 hádzanárok: Slovensko-Rumunsko 24:26 (10:15) 
650 0 7 |a hádzaná  |x ženy  |x Slovensko-Rumunsko  |z Šaľa (Slovensko)  |y 1998  |2 snkbucl  |9 903253 
655 7 |a články z novín a časopisov  |2 snkbucl  |9 267496 
773 0 |t Šport  |g Roč. 52, č. 59 (12.3.1998), s. 5 
850 |a Slovenská národná knižnica v Martine 
852 |a SNK  |b KIS3GCP 
958 |a RBX 
999 |c 1431521  |d 1433451